Saudi Aramco World (Record no. 118300)
[ view plain ]
| 000 -LEADER | |
|---|---|
| fixed length control field | 00543cas a2200157 4500 |
| 008 - FIXED-LENGTH DATA ELEMENTS--GENERAL INFORMATION | |
| fixed length control field | 130402n eng u |
| 022 ## - INTERNATIONAL STANDARD SERIAL NUMBER | |
| International Standard Serial Number | 15305821 |
| 035 ## - SYSTEM CONTROL NUMBER | |
| System control number | (Sirsi) a178512 |
| 050 ## - LIBRARY OF CONGRESS CALL NUMBER | |
| Classification number | H8.M4E3 |
| 245 ## - TITLE STATEMENT | |
| Title | Saudi Aramco World |
| 260 ## - PUBLICATION, DISTRIBUTION, ETC. | |
| Place of publication, distribution, etc. | Houston |
| Name of publisher, distributor, etc. | Saudi Aramco Company |
| 310 ## - CURRENT PUBLICATION FREQUENCY | |
| Current publication frequency | Bi-monthly |
| 362 ## - DATES OF PUBLICATION AND/OR SEQUENTIAL DESIGNATION | |
| Dates of publication and/or sequential designation | Vol. 58, No. 3, 2007 - Vol. 65, No. 6, 2014 |
| 520 ## - SUMMARY, ETC. | |
| Summary, etc. | This magazine talks about culture of the Arab and Moslem Worlds, their history, Geography & Economy, and their connection with the west. |
| 650 ## - SUBJECT ADDED ENTRY--TOPICAL TERM | |
| Topical term or geographic name entry element | Arabic History |
No items available.